The weekend girls /

Tallennettuna:
Bibliografiset tiedot
Päätekijä: Burke, John, 1922-
Aineistotyyppi: Kirja
Kieli:English
Julkaistu: London : Long, 1966.
LEADER 00696cam a22001931a 4500
001 c000109858
003 CARM
005 20000302110009.0
008 930706s1966 enk 000 0 eng d
019 1 |a 10163276  |z 21720840  |5 LACONCORD2021 
035 |a (OCoLC)22237966  |5 LACONCORD2021 
040 |a NNCU:A  |b eng  |c NNCU:A  |d VLINC 
100 1 |a Burke, John,  |d 1922- 
245 1 4 |a The weekend girls /  |c Jonathan Burke. 
260 |a London :  |b Long,  |c 1966. 
300 |a 182 p. 
852 8 |b CARM  |h A2:AJ22G0  |i A02354  |p 0157987  |f BK 
999 f f |i ba60b147-1cc8-5793-b6f8-9b1238b66248  |s e5e85e46-e373-5904-99cc-9f98f9dbcc03 
952 f f |p Can circulate  |a CAVAL  |b CAVAL  |c CAVAL  |d CARM 1 Store  |e A02354  |f A2:AJ22G0  |h Other scheme  |i book  |m 0157987